Statistiques concernant Les 20 préfectures les plus proches de Versailles

Cliquez ici pour prendre le quiz!

Statistiques générales

  • Ce quiz a été pris 89 fois
  • Le résultat moyen est 15 sur 20

Statistiques - réponses

distance (en km)ville préfecture% Correct
17Paris
97%
128.38Orléans
90%
24Créteil
87%
12Nanterre
87%
30Evry Courcouronnes
85%
81Rouen
85%
28Cergy Pontoise
83%
95Amiens
82%
79Chartres
82%
65Evreux
81%
49Melun
79%
26Bobigny
78%
176Caen
77%
42Beauvais
69%
159Alençon
65%
172Troyes
65%
128.16Laon
64%
171Blois
63%
148Arras
53%
170Chalons en Champagne
49%

Distribution des résultats

Percentile par nombre de réponses

% des personnes avec chaque résultat

Votre développement - résultats

Vous n’avez pas pris ce quiz